Calculus of one variable (Record no. 61196)

000 -LEADER
fixed length control field 00688nam a22001937a 4500
003 - CONTROL NUMBER IDENTIFIER
control field NUST-PNEC
005 - DATE AND TIME OF LATEST TRANSACTION
control field 20170116180716.0
008 - FIXED-LENGTH DATA ELEMENTS--GENERAL INFORMATION
fixed length control field 141021b xxu||||| |||| 00| 0 eng d
020 ## - INTERNATIONAL STANDARD BOOK NUMBER
International Standard Book Number 0201037505
040 ## - CATALOGING SOURCE
Transcribing agency PNEC
082 ## - DEWEY DECIMAL CLASSIFICATION NUMBER
Classification number 515 KIT
100 ## - MAIN ENTRY--PERSONAL NAME
9 (RLIN) 722
Personal name Kitchen, Joseph W.
245 ## - TITLE STATEMENT
Title Calculus of one variable
Statement of responsibility, etc. Joseph W. Kitchen
260 ## - PUBLICATION, DISTRIBUTION, ETC.
Place of publication, distribution, etc. Menlo Park
Name of publisher, distributor, etc. Addison-Wesley Pub. Co.
Date of publication, distribution, etc. 1968.
300 ## - PHYSICAL DESCRIPTION
Extent xiii, 785 pages:
Other physical details illustrations ;
Dimensions 24 cm.
500 ## - GENERAL NOTE
General note Includes Index http://www.amazon.com/Calculus-one-variable-Joseph-Kitchen/dp/0201037505/ref=sr_1_1?s=books&ie=UTF8&qid=1413874578&sr=1-1&keywords=Calculus+of+one+variable+by+kitchen
650 ## - SUBJECT ADDED ENTRY--TOPICAL TERM
General subdivision ME
942 ## - ADDED ENTRY ELEMENTS (KOHA)
Source of classification or shelving scheme
Koha item type Book
Holdings
Withdrawn status Lost status Source of classification or shelving scheme Damaged status Not for loan Permanent Location Current Location Shelving location Date acquired Source of acquisition Cost, normal purchase price Total Checkouts Full call number Barcode Date last seen Cost, replacement price Price effective from Koha item type
          Pakistan Navy Engineering College (PNEC) Pakistan Navy Engineering College (PNEC) Reference 09/01/1996 Royal Book Company 375.00   515 KIT PNECLIB-018962 10/21/2014 375.00 09/01/1996 Book
© 2023 Central Library, National University of Sciences and Technology. All Rights Reserved.